000 00428nam a2200181Ia 4500
001 13025
005 20260306163023.0
008 260306t1995||||xx |||||||||||||| ||spa||
041 _aESP
082 _aRD 658.003
_bB15
100 _aBahamonde Espejo, Hernando
_eAUT
245 0 _aTerminologĂ­a empresarial
260 _c1995
300 _a171 páginas :
_c
650 _aGEN
654 _aCAN
942 _cLIB
_dJUS
_fJUS
_2ddc
_n
999 _c13025
_d13025